Zelda Ocarina of Time - Quiz Général - Statistiques

Statistiques générales
  • Ce quiz a été pris 1 267 fois
  • Le résultat moyen est 46 sur 100
Statistiques - réponses
Description Réponse % Correct
Héros du Temps Link
99%
Princesse d'Hyrule Zelda
99%
Jument du Héros Epona
96%
Identité secrète de la Princesse Sheik
93%
Fée du Héros Navi
92%
Seigneur du Malin Ganondorf
85%
Peuple du Feu Goron
82%
Peuple de l'Eau Zora
82%
Sage de la Forêt Saria
78%
Divinité de la Forêt Arbre Mojo
77%
Peuple du Désert Gerudo
76%
Peuple de la Forêt Kokiri
74%
Sage de l'Ombre Impa
73%
Peuple principal d'Hyrule Hylien
71%
Épée du Héros Épée de Légende
68%
Déesse du Courage Farore
67%
Fille du Ranch Malon
67%
Déesse de la Force Din
66%
Arme à flèches pour Adulte Arc
63%
Sage du Feu Darunia
63%
Sage de l'Eau Ruto
63%
Liquide donné par les vaches Lait
61%
Arme à projectiles pour Enfant Lance-Pierres
61%
Peuple de l'Ombre Sheikah
60%
Flèche enflammée Flèche de Feu
59%
Entité capturable rendant la vie Fée
58%
Flèche glacée Flèche de Glace
58%
Flèche brillante Flèche de Lumière
58%
Accessoire aggripant des parois Grappin
58%
Divinité de l'Eau Jabu-Jabu
58%
Sage de la Lumière Rauru
57%
Bouclier réfléchissant Bouclier Miroir
56%
Déesse de la Sagesse Nayru
56%
Arme à lancer explosive Bombe
55%
Bouclier en Métal Bouclier Hylien
55%
Fossoyeur du Cimetière Igor
54%
Masque pour parler aux pierres à potins Masque de Vérité
54%
Épée pour Enfant Épée Kokiri
52%
Tunique Bleue Tunique Zora
52%
Animal Aquatique capturable Poisson
51%
Tunique Rouge Tunique Goron
51%
Bottes métalliques Bottes de Plomb
47%
Contenant Flacon
47%
Sorcière de la Glace Kotake
47%
Révèle tout ce qui est invisible Monocle de Vérité
46%
Mixture rendant de la santé Potion Rouge
45%
Mixture rendant de la magie Potion Verte
45%
Arme à lancer pour Enfant Boomerang
44%
Sorcière du Feu Koume
44%
Dinosaure Infernal Roi Dodongo
44%
Arme pour étourdir des ennemis Noix Mojo
43%
Mixture rendant de la santé et de la magie Potion Bleue
43%
Aliment à planter dans le sol Haricot Magique
42%
Sage de l'Esprit Nabooru
42%
Tenant du Ranch Talon
42%
Laissé par un gros fantôme vaincu Âme
41%
Bouclier en Bois Bouclier Mojo
41%
Énorme épée à deux mains Épée Biggoron
41%
Animal Rampant capturable Insecte
41%
Forgeron Géant proche du Volcan Biggoron
40%
Arme faite à partir de branches Bâton Mojo
39%
Spectre de l'Au-Delà Ganon Spectral
39%
Monstre Insectoïde Géant Gohma
39%
Monstre de l'Ombre Bongo Bongo
37%
Magie du feu offensive Feu de Din
35%
Masque du peuple du Feu Masque de Goron
35%
Masque du peuple de l'Eau Masque de Zora
35%
Masque aux grandes oreilles Masque du Lapin
34%
Masque du peuple du Désert Masque de Gerudo
33%
Munition pour l'arme à projectiles Graine Mojo
32%
Pierre Ancestrale de la Forêt Émeraude Kokiri
31%
Pierre Ancestrale du Feu Rubis Goron
31%
Fusion des deux Sorcières Twinrova
31%
Chef du Peuple de la Forêt Mido
30%
Pierre Ancestrale de l'Eau Saphir Zora
30%
Laissé par un petit fantôme vaincu Esprit
29%
Arme à lancer explosive se déplaçant Missile
29%
Magie de téléportation Vent de Farore
29%
Bracelet permettant de lancer des Choux Péteurs Bracelet Goron
28%
Écaille pour plonger plus profondément Écaille d'Or
28%
Hibou Kaepora Gaebora
28%
Dragon des Profondeurs Volcania
28%
Écaille pour plonger Écaille d'Argent
27%
Employé du Ranch Ingo
27%
Bottes ailées Bottes des Airs
24%
Fait fondre tout type de glace Flamme Bleue
24%
Masque de canidé Masque du Renard
24%
100 à tuer pour libérer une famille maudite Skulltulas d'Or
24%
Gants donnant de la force Gantelets d'Argent
22%
Gants donnant beaucoup de force Gantelets d'Or
22%
Amibe Aquatique Géante Morpha
20%
Magie protectrice Amour de Nayru
19%
Anémone Bio-Électrique Barinade
19%
Arme Marteau Masse des Titans
18%
Masque de squelette Masque de Mort
15%
Masque de mort-vivant Masque d'Effroi
13%
Propriétaire du Moulin Guru-Guru
9%
Vibre ou s'alerte quand il y a un secret Pierre de Souffrance
8%
Femme qui cherche son chien Madame Yan
4%
Chef des Charpentiers Mutoh
4%
Aucun quiz correspondant
Distribution des résultats
% des personnes avec chaque résultat
Percentile par nombre de réponses
Votre historique - résultats
Vous n’avez pas pris ce quiz